Sports Quiz

Random Sports Quiz
Score 0/10 Timer 03:00
0 Plays Today
Weightclass Champion % Correct
Light HeavyweightDaniel Cormier
93.6%
FeatherweightConor Mcgregor
88.7%
MiddleweightLuke Rockhold
87.2%
WelterweightRobbie Lawler
86.7%
(W) BantamweightHolly Holm
83.7%
HeavyweightFabricio Werdum
79.8%
LightweightRafael Dos Anjos
76.4%
FlyweightDemetrious Johnson
71.9%
BantamweightDominick Cruz
70%
(W) StraweightJoanna Jedrzejczyk
38.4%
Come Together.
Have Fun.
All Virtual.
We all need to come together. Play Sporcle's virtual live trivia to have fun, connect with people, and get your trivia on. Join a live hosted trivia game for your favorite pub trivia experience done virtually. If a virtual private party is more your thing, go here for details.

You're not logged in!

Compare scores with friends on all Sporcle quizzes.
OR
Log In

Sporcle TV

Today on Sporcle TV


Watch our educational content, quiz creation guides, and fun videos on Sporcle TV.

Show Comments

Extras

Created Jan 21, 2016ReportNominate
Tags:UFC, UFC Fighters, UFC Title

Top Quizzes Today


Score Distribution

Paid Content

Your Account Isn't Verified!

In order to create a playlist on Sporcle, you need to verify the email address you used during registration. Go to your Sporcle Settings to finish the process.

Report this User

Report this user for behavior that violates our Community Guidelines.

Details: